000 00653cab a2200193 4500
001 WB2738-64
008 090401t1991 xxu||||| |||| 00| 0 eng d
035 _a(Sirsi) u1967
041 _aeng
245 _aLondon city airport
260 _c1991
350 _a0
490 _aFinancial Times
_v28 September 1991, 1&4(2)
520 _aLondon City Airport is to go ahead with a controversial plan to lengthen its runway. This will allow the airport to expand services to cover the whole of Europe and may enable it to break even by 1994 or 1995.
650 _aAIRPORTS
690 _aTRANSPORT AND COMMUNICATIONS
942 _n0
948 _c04/03/1997
999 _c1159
_d1159